Zákaznícka podpora pomocou chatbota - digitálnej asistencie diplomová práca
Enregistré dans:
| Auteur principal: | |
|---|---|
| Collectivité auteur: | |
| Autres auteurs: | |
| Format: | Livre |
| Langue: | slovaque |
| Publié: |
Bratislava
2024
|
| Tags: |
Pas de tags, Soyez le premier à ajouter un tag!
|
MARC
| LEADER | 00000nbm a2200000 4500 | ||
|---|---|---|---|
| 001 | 0302398 | ||
| 005 | 20241206153258.7 | ||
| 041 | 0 | |a slo | |
| 044 | |a SK | ||
| 245 | 1 | 0 | |a Zákaznícka podpora pomocou chatbota - digitálnej asistencie |b diplomová práca |c Matúš Šimek ; školiteľ: Peter Červenka |
| 264 | 1 | |a Bratislava |c 2024 | |
| 300 | |a 84 s. | ||
| 100 | 1 | |a Šimek, Matúš | |
| 700 | 1 | |a Červenka, Peter, 1976- | |
| 710 | 2 | |a Obchodná fakulta EU. Katedra marketingu | |